Construction Act review (Record no. 118029)
[ view plain ]
| 000 -LEADER | |
|---|---|
| fixed length control field | 01399cam a2200217 4500 |
| 001 - CONTROL NUMBER | |
| control field | WB@3612-31 |
| 008 - FIXED-LENGTH DATA ELEMENTS--GENERAL INFORMATION | |
| fixed length control field | 040922n2004 000 0 eng u |
| 035 ## - SYSTEM CONTROL NUMBER | |
| System control number | (Sirsi) u127479 |
| 245 ## - TITLE STATEMENT | |
| Title | Construction Act review |
| 260 ## - PUBLICATION, DISTRIBUTION, ETC. | |
| Date of publication, distribution, etc. | 2004 |
| 490 ## - SERIES STATEMENT | |
| Series statement | DTI Press Release |
| Volume/sequential designation | (P/2004/348) 17 September 2004 (2) |
| 520 ## - SUMMARY, ETC. | |
| Summary, etc. | The final report of the Construction Act review has been released. The review, into the Housing, Grants, Construction and Regeneration Act 1996: Part II, began in March with members of the construction industry forming a review group and looking at the adjudication and provisions of the Act. The report identifies issues and suggests various improvements that include: on adjudication: clarification of the requirement for a contract to be in writing and; on payment: improving the effectiveness of the right of suspension. The report will inform the consultation document that the DTI will issue later in 2004. See the website for further details: http://www.dti.gov.uk/construction/hgcra/hgcralead .htm. http://www.gnn.gov.uk/environment/detail.asp?Relea seID=129909&NewsAreaID=2&NavigatedFromDepartment=F alse |
| 590 ## - LOCAL NOTE (RLIN) | |
| Local note | WB |
| 590 ## - LOCAL NOTE (RLIN) | |
| Local note | WB |
| 650 ## - SUBJECT ADDED ENTRY--TOPICAL TERM | |
| Topical term or geographic name entry element | CONSTRUCTION INDUSTRY |
| 650 ## - SUBJECT ADDED ENTRY--TOPICAL TERM | |
| Topical term or geographic name entry element | HOUSING GRANTS, CONSTRUCTION AND REGENERATION ACT 1996 PART II |
| 650 ## - SUBJECT ADDED ENTRY--TOPICAL TERM | |
| Topical term or geographic name entry element | ADJUDICATION |
| 650 ## - SUBJECT ADDED ENTRY--TOPICAL TERM | |
| Topical term or geographic name entry element | CONSULTATION |
| 690 ## - LOCAL SUBJECT ADDED ENTRY--TOPICAL TERM (OCLC, RLIN) | |
| Topical term or geographic name as entry element | BUILDING AND CONSTRUCTION |
| 942 ## - ADDED ENTRY ELEMENTS (KOHA) | |
| Suppress in OPAC | 0 |
| Withdrawn status | Lost status | Source of classification or shelving scheme | Damaged status | Not for loan | Home library | Current library | Shelving location | Date acquired | Total Checkouts | Full call number | Barcode | Date last seen | Copy number | Price effective from | Koha item type |
|---|---|---|---|---|---|---|---|---|---|---|---|---|---|---|---|
| Dewey Decimal Classification | London | London | News article | 22/09/2004 | WB4036-01 | 127479-1001 | 06/08/2019 | 1 | 06/08/2019 | News article |